Villes ayant accueillis les Jeux Olympiques d'Hiver - Statistiques

Statistiques générales
  • Ce quiz a été pris 1 053 fois
  • Le résultat moyen est 4 sur 15
Answers on the Grid
Answers color-coded by a green-red scale on the quiz's grid according to % correct below.
Nagoya
Salzbourg
Oslo
Stockholm
Turin
Innsbruck
Lausanne
Munich
Denver
Sapporo
Chamonix
Edmonton
Sarajevo
Calgary
Pékin
Pyongyang
Lake Plastic
Sotchi
Vancouver
Astana
Chambéry
Aspen
Snow Valley
Grenoble
Berne
Saint Maurice
Salt Lake City
Harbin
Albertville
Garmisch-Partenkirchen
Lillehammer
Boise
 
Statistiques - réponses
Réponse % Correct
Albertville
41%
Sotchi
41%
Vancouver
38%
Salt Lake City
34%
Chamonix
33%
Pékin
33%
Oslo
29%
Grenoble
28%
Turin
27%
Calgary
24%
Lillehammer
23%
Innsbruck
21%
Sarajevo
19%
Sapporo
11%
Garmisch-Partenkirchen
10%
Aucun quiz correspondant
Distribution des résultats
% des personnes avec chaque résultat
Percentile par nombre de réponses
Votre historique - résultats
Vous n’avez pas pris ce quiz